Проектирование цифровых систем управления. Теория и моделирование в MATLAB (Запись № 1624491)

Подробности
000 -МАРКЕР
контрольное поле 02299nam0a2200409 4500
001 - ИДЕНТИФИКАТОР ЗАПИСИ
контрольное поле RU\NLR\bibl\1188958
005 - ИДЕНТИФИКАТОР ВЕРСИИ
контрольное поле 20250615094620.0
010 ## - МЕЖДУНАРОДНЫЙ СТАНДАРТНЫЙ НОМЕР КНИГИ (ISBN)
Номер (ISBN) 5-7944-0784-0
Тираж 100
021 ## - НОМЕР ГОСУДАРСТВЕННОЙ РЕГИСТРАЦИИ
Код страны российская федерация
Номер 2007-90668
Номер Листа государственной регистраци 4901
035 ## - ДРУГИЕ СИСТЕМНЫЕ НОМЕРА
Идентификатор записи (nilc)EL/0000169021
035 ## - ДРУГИЕ СИСТЕМНЫЕ НОМЕРА
Идентификатор записи (NLR Aleph) 001175523
100 ## - ДАННЫЕ ОБЩЕЙ ОБРАБОТКИ
Данные общей обработки 20080123d2007 |||y0rusy50 ca
101 0# - ЯЗЫК РЕСУРСА
Язык текста, звукозаписи и т.д. русский
102 ## - СТРАНА ПУБЛИКАЦИИ ИЛИ ПРОИЗВОДСТВА
Страна публикации российская федерация
105 ## - ПОЛЕ КОДИРОВАННЫХ ДАННЫХ: ТЕКСТОВЫЕ МАТЕРИАЛЫ, МОНОГРАФИЧЕСКИЕ
Кодированные данные о монографическом текстовом документе a |||||||||
200 1# - ЗАГЛАВИЕ И СВЕДЕНИЯ ОБ ОТВЕТСТВЕННОСТИ
Основное заглавие Проектирование цифровых систем управления. Теория и моделирование в MATLAB
Сведения, относящиеся к заглавию учебно-методическое пособие
-- [для студентов физического факультета специальности "Радиофизика и электроника"]
Первые сведения об ответственности А.Ю. Ощепков
Последующие сведения об ответственности Федер. агентство по образованию, ГОУВПО "Перм. гос. ун-т"
210 ## - ПУБЛИКАЦИЯ, РАСПРОСТРАНЕНИЕ И ДР.
Место издания, распространения и т.д. Пермь
Имя издателя, распространителя и т. д. редакционно-издательский отдел Пермского государственного университета
Дата издания, распространения и т.д. 2007
215 ## - ФИЗИЧЕСКАЯ ХАРАКТЕРИСТИКА
Специфическое обозначение материала и объем 138, [1] с.
Другие сведения о физической характеристике ил.
Размеры 20
225 1# - СЕРИЯ
Основное заглавие серии Национальный проект "Образование"
313 ## - ПРИМЕЧАНИЯ, ОТНОСЯЩИЕСЯ К ТЕМАТИЧЕСКОМУ ДОСТУПУ
Текст примечания Matlab Simulink
320 ## - ПРИМЕЧАНИЯ О НАЛИЧИИ В ДОКУМЕНТЕ БИБЛИОГРАФИИ / УКАЗАТЕЛЯ
Текст примечания Библиогр.: с. 138 (6 назв.)
517 0# - ДРУГИЕ ВАРИАНТЫ ЗАГЛАВИЯ
Вариант заглавия Теория и моделирование в MATLAB
606 1# - НАИМЕНОВАНИЕ ТЕМЫ КАК ПРЕДМЕТ
Наименование темы САУ цифровые
Формальный подзаголовок Учебно-методические пособия для высших учебных заведений
Тематический подзаголовок САПР
Системный номер авторитетной/нормативной записи 2314401
Идентификатор авторитетной/нормативной записи RU\NLR\auth\661384954
606 1# - НАИМЕНОВАНИЕ ТЕМЫ КАК ПРЕДМЕТ
Наименование темы MATLAB Simulink, пакет прикладных программ
Формальный подзаголовок Учебно-методические пособия для высших учебных заведений
Тематический подзаголовок Применение в автоматике
Системный номер авторитетной/нормативной записи 2410669
Идентификатор авторитетной/нормативной записи RU\NLR\auth\661436339
686 ## - ИНДЕКСЫ ДРУГИХ КЛАССИФИКАЦИЙ
Индекс 32.965.9я73
Издание LBC/RL
Код системы
686 ## - ИНДЕКСЫ ДРУГИХ КЛАССИФИКАЦИЙ
Индекс З965.6-02-5-05я73-1
700 #1 - ИМЯ ЛИЦА - ПЕРВИЧНАЯ ОТВЕТСТВЕННОСТЬ
Код отношения Автор
Начальный элемент ввода Ощепков
Часть имени, кроме начального элемента ввода А. Ю.
Дополнения к именам, кроме дат канд. физ.-мат. наук
Расширение инициалов личного имени Александр Юрьевич
Системный номер авторитетной/нормативной записи 166847
Идентификатор авторитетной/нормативной записи RU\NLR\AUTH\770166894
801 #0 - ИСТОЧНИК ЗАПИСИ
Страна российская федерация
Организация Пермская ГОУБ
Дата составления 20080123
Правила каталогизации rcr
801 #1 - ИСТОЧНИК ЗАПИСИ
Страна российская федерация
Организация Пермская ГОУБ
Дата составления 20080123
801 #2 - ИСТОЧНИК ЗАПИСИ
Страна российская федерация
Организация NLR
Дата составления 20080215
Правила каталогизации rcr
830 ## - ОБЩЕЕ ПРИМЕЧАНИЕ, СОСТАВЛЕННОЕ КАТАЛОГИЗАТОРОМ
Текст примечания Авт. по кн
942 ## - ДОПОЛНИТЕЛЬНЫЕ ЭЛЕМЕНТЫ ЗАПИСИ (АБИС)
Тип экземпляра АБИС Книга
980 ## - КОЛЛЕКЦИЯ
Название коллекции Национальная библиография
980 ## - КОЛЛЕКЦИЯ
Название коллекции НБР
Экземпляры
Тип экземпляра Дата поступления Источник поступления Библиотека постоянного хранения Библиотека текущего хранения Место хранения Шифр хранения Штрих-код Статус не для выдачи
Книга 15.02.2008 Обязательный экземпляр РНБ (Московский) РНБ (Московский) Русский книжный фонд: издания с 1957 года, 9этаж 2008-3/4300 1-887580  
Книга 15.02.2008 Обязательный экземпляр РНБ (Московский) РНБ (Московский) Русский книжный фонд: издания с 1957 года, 9этаж 2008-3/4300 2608218